Valuations for real estate investment entities: (Record no. 122001)
[ view plain ]
| 000 -LEADER | |
|---|---|
| fixed length control field | 01443nam a22002177a 4500 |
| 008 - FIXED-LENGTH DATA ELEMENTS--GENERAL INFORMATION | |
| fixed length control field | 240919t2024 xxk|||||o|||| 00| 0 eng d |
| 041 ## - LANGUAGE CODE | |
| Language code of text/sound track or separate title | eng |
| 110 ## - MAIN ENTRY--CORPORATE NAME | |
| Corporate author | Royal Institution of Chartered Surveyors |
| 245 ## - TITLE STATEMENT | |
| Title | Valuations for real estate investment entities: |
| Subtitle | A guide for clients and valuers |
| Medium | [Electronic resource] |
| 260 ## - PUBLICATION INFORMATION | |
| Place of publication | London, |
| Publisher | Royal Institution of Chartered Surveyors, |
| Date | September 2024 |
| 490 ## - SERIES TITLE | |
| Series statement | RICS Client Guide |
| 520 ## - ABSTRACT | |
| Abstract | RICS has published a new document Valuations for real estate investment entities - A guide for clients and valuers. The guide summarises regulatory requirements and industry recommendations for commissioning and providing the regular valuations of real estate held by investment vehicles such as collective investment schemes, real estate investment trusts (REITs) and pension funds in the UK. This indirectly addresses Valuation Review recommendations 1, 3, 5 and 7. The guide does not place any new requirements on valuers or the clients but helpfully summarises existing governance and best practice. |
| 650 ## - KEYWORDS | |
| Keywords | VALUATION |
| 650 ## - KEYWORDS | |
| Keywords | REAL ESTATE INVESTMENT TRUSTS |
| 650 ## - KEYWORDS | |
| Keywords | PROPERTY INVESTMENT |
| 651 ## - SUBJECT ADDED ENTRY--GEOGRAPHIC NAME | |
| Geographic name | United Kingdom |
| 690 ## - BROAD SUBJECT | |
| Broad subject | Valuation |
| 9 (RLIN) | 6273 |
| 710 ## - ADDED CORPORATE NAME | |
| Added corporate author | Royal Institution of Chartered Surveyors |
| 856 ## - ONLINE RESOURCE | |
| Uniform Resource Identifier | <a href="https://www.rics.org/content/dam/ricsglobal/documents/standards/client-guide-for-investment-valuations.pdf">https://www.rics.org/content/dam/ricsglobal/documents/standards/client-guide-for-investment-valuations.pdf</a> |
| Public note | Available free on RICS.org |
| 942 ## - ADDED ENTRY ELEMENTS (KOHA) | |
| Suppress in OPAC | Do not suppress in OPAC |
| Lost status | Damaged status | Not for loan | Current library | Shelving location | Date acquired | Total Checkouts | Full call number | Date last seen | Price effective from | Koha item type |
|---|---|---|---|---|---|---|---|---|---|---|
| Virtual | Online | 19/09/2024 | ONLINE PUBLICATION | 19/09/2024 | 19/09/2024 | Online material |